00514cam a22001934a 45000010009000000050017000090080041000260100017000670200028000840400018001120410008001300420008001380800016001460820020001621000007001821010008001892450059001975040064002561234654720180123091639.0010314s2002 mau b 001 0 eng  a 2001022603 a0205337449 (alk. paper) aDLCcDLCdDLC aeng apcc a300.72 don00a300.72 don2211 a59 asoc10aSocial research :cDon G. McTavish, Herman J. Loether. aIncludes bibliographical references (p. 339-340) and index.